| 000 -ლიდერი |
| ფიქსირებული სიგრძის საკონტროლო ველი |
01203nam a22002057a 4500 |
| 003 - საკონტროლო ნომრის იდენტიფიკატორი |
| საკონტროლო ველი |
Ge_BSU |
| 005 - ბოლო ოპერაციის თარიღი და დრო |
| საკონტროლო ველი |
20221214165259.0 |
| 008 - ფიქსირებული სიგრძის მონაცემთა ელემენტები - ზოგადი ინფორმაცია |
| ფიქსირებული სიგრძის საკონტროლო ველი |
221214s1984ge xxu||||| |||| 00| 0 geo d |
| 041 ## - ენის კოდი |
| Language code of text/sound track or separate title |
geo |
| 080 ## - უნივერსალური ათობითი კლასიფიკაციის ინდექსი |
| Universal Decimal Classification number |
94(470) კ-33 |
| 100 ## - მთავარი ჩანაწერი - პიროვნების სახელი |
| Personal name |
კასვინოვი, მ., ავტ. |
| 9 (RLIN) |
16418 |
| 245 ## - ცნობა სათაურის შესახებ |
| Title |
ოცდასამი დაღმავალი საფეხური : |
| Remainder of title |
[ისტორია რომანოვების დინასტიის უკანასკნელ წარმომადგენელზე / |
| Statement of responsibility, etc |
მ. კასვინოვი ; წინასიტყვ. ავტ. ვ. არხიპენკო თარგმ. ო. კასრაძემ]. |
| 264 ## - წარმოების, გამოცემის, დისტრიბუციის და სხვა ცნობები |
| გამოცემის, წარმოების, დისტრიბუციის... ადგილი |
თბილისი: |
| გამოცემის, წარმოების, დისტრიბუციის... სახელწოდება |
საბჭ. საქართველო, |
| გამოცემის, წარმოების, დისტრიბუციის... თარიღი |
1984. |
| 300 ## - ფიზიკური აღწერა |
| Extent |
654 გვ. ; |
| Other physical details |
21 სმ. |
| 501 ## - შენიშვნა თანმხლებ მასალაზე |
| With note |
წყაროები და ლიტ-რა: გვ. 625-650. |
| 653 ## - INDEX TERM--UNCONTROLLED |
| Uncontrolled term |
რუსეთის ისტორია. |
| 700 ## - ADDED ENTRY--PERSONAL NAME |
| Personal name |
არხიპენკო, ვ |
| Relator term |
წინასიტყვაობის ავტორი |
| 9 (RLIN) |
16419 |
| 700 ## - ADDED ENTRY--PERSONAL NAME |
| Personal name |
კასრაძე, ო |
| Relator term |
მთარგმნელი |
| 9 (RLIN) |
16420 |
| 942 ## - ADDED ENTRY ELEMENTS (KOHA) |
| Source of classification or shelving scheme |
|
| Koha item type |
წიგნი |